Szczegóły MARC21

Złudny pokój : rzecz o konflikcie syjonistyczno-arabskim /

003 -Nazwa inst., której nr kontr. jest w polu 001 [,]
    • @
    • Nazwa instytucji, której n kontrolny jest w polu 001
    • NUKAT
005 -DATA I CZAS OSTATNIEJ MODYFIKACJI [,]
    • @
    • pole kontrolne
    • 20241231111045.0
040 -Instytucja sporządzająca opis [ , ]
    • a
    • Instytucja, która sporządziła opis (NP)
    • LUBL U/DP
    • c
    • Instytucja, która sporządziła rekord (NP)
    • LUBL U/DP
    • d
    • Instytucja, która zmodyfikowała rekord (P)
    • LUBL U/bg
    • d
    • Instytucja, która zmodyfikowała rekord (P)
    • LUBL U/ILs
    • d
    • Instytucja, która zmodyfikowała rekord (P)
    • LUBL M/AS
    • d
    • Instytucja, która zmodyfikowała rekord (P)
    • KR U/MM
    • d
    • Instytucja, która zmodyfikowała rekord (P)
    • WR U/PAdjm
041 -Język dokumentu [1, ]
    • a
    • Język tekstu (P)
    • polski
    • h
    • Język tekstu oryginalnego i/lub pośredniego (P)
    • angielski
942 -Rodzaj dokumentu [ , ]
    • c
    • Rodzaj dokumentu
    • Książka
100 -Hasło główne - nazwa osobowa [1, ]
    • a
    • Nazwa osobowa (NP)
    • Davis, John H.
    • d
    • Daty biograficzne (NP)
    • (1904-1988).
    • 9
    • KHW
    • 398836
240 -Tytuł ujednolicony [1,0]
    • a
    • Tytuł ujednolicony
    • Evasive peace
    • l
    • Język tekstu
    • (pol.)
    • 9
    • KHW
    • 398838
245 -Strefa tytułu i oznaczenia odpowiedzialności [1,0]
    • a
    • Tytuł
    • Złudny pokój : Find
    • b
    • Ciąg dalszy tytułu (NP)
    • rzecz o konflikcie syjonistyczno-arabskim / Find
    • c
    • Pozostałe elementy strefy tytułu i oznaczenia odpowiedzialności (NP)
    • John H. Davis ; [tł. Barbara Rewkiewicz-Sadowska].
260 -Strefa adresu wydawniczego [ , ]
    • a
    • Miejsce wydania (P)
    • Warszawa :
    • b
    • Nazwa wydawcy (P)
    • Książka i Wiedza,
    • c
    • Data wydania (P)
    • 1970.
300 -Strefa opisu fizycznego [ , ]
    • a
    • Określenie formy książki i/lub objętość (NP)
    • 181, [3] s. :
    • b
    • Oznaczenie ilustracji (NP)
    • err. ;
    • c
    • Format (NP)
    • 19 cm.
336 -Typ zawartości [ , ]
    • a
    • Termin opisujący typ zawartości
    • Tekst
    • b
    • Kod określający zawartość
    • txt
    • 2
    • Źródło (terminu i kodu)
    • rdacontent
337 -Typ mediów [ , ]
    • a
    • Tryb odtwarzania
    • Bez urządzenia pośredniczącego
    • b
    • Kod typu mediów
    • n
    • 2
    • Źródło (terminu i kodu)
    • rdamedia
338 -Typ/rodzaj nośnika [ , ]
    • a
    • Hasło opisujące typ nośnika
    • Wolumin
    • b
    • Kod typu nośnika
    • nc
    • 2
    • Źródło (terminu i kodu)
    • rdacarrier
504 -Uwaga dot. bibliogr. załącznikowej [ , ]
    • a
    • Uwaga dot. bibliografii załącznikowej
    • Bibliogr. s. 180-[183].
080 -Uniwersalna Klasyfikacja Dziesiętna [ , ]
    • 2
    • Identyfikator wydania tablic
    • UDC-P058
    • a
    • Symbol klasyfikacji
    • 327.5
    • b
    • Dopowiedzenie
    • Bloki międzynarodowe. Napięcia i konflikty.
    • x
    • Poddział wspólny
    • (569.4)
    • b
    • Dopowiedzenie
    • (Izrael (do 1948 Palestyna)).
    • x
    • Poddział wspólny
    • (53)
    • b
    • Dopowiedzenie
    • (Państwa i kraje Półwyspu Arabskiego).
    • x
    • Poddział wspólny
    • (620)
    • b
    • Dopowiedzenie
    • (Egipt).
    • x
    • Poddział wspólny
    • "1897/1969"
    • b
    • Dopowiedzenie
    • Lata 1897/1969.
650 -Hasło przedmiotowe [ ,7]
    • a
    • Hasło przedmiotowe
    • Konflikt izraelsko-arabski.
    • 2
    • Źródło terminu
    • kaba
    • 9
    • KHW
    • 115003
651 -Hasło przedmiotowe w formie nazwy geograficznej [ ,7]
    • a
    • Nazwa geograficzna
    • Izrael
    • x
    • Określnik rzeczowy
    • stosunki
    • z
    • Określnik geograficzny
    • Kraje arabskie.
    • 2
    • Źródło terminu
    • kaba
    • 9
    • KHW
    • 399020
651 -Hasło przedmiotowe w formie nazwy geograficznej [ ,7]
    • a
    • Nazwa geograficzna
    • Kraje arabskie
    • x
    • Określnik rzeczowy
    • stosunki
    • z
    • Określnik geograficzny
    • Izrael.
    • 2
    • Źródło terminu
    • kaba
    • 9
    • KHW
    • 399021
980 -Symbol UKD [ , ]
    • a
    • UKD
    • 327.5(569.4:53+620)
700 -Hasło dodatkowe - nazwa osobowa [1, ]
    • a
    • Nazwa osobowa (NP)
    • Rewkiewicz-Sadowska, Barbara Find
    • d
    • Daty biograficzne (NP)
    • (1921-1991).
    • e
    • Określenie rodzaju współpracy
    • Tł.
    • 9
    • KHW
    • 60617
710 -Hasło dodatkowe - nazwa ciała zbiorowego [2, ]
    • a
    • Nazwa ciała zbiorowego lub nazwa geograficzna jako pierwszy element (NP)
    • Spółdzielnia Wydawniczo-Handlowa "Książka i Wiedza".
    • 4
    • Kod relacji
    • pbl
    • 9
    • KHW
    • 52004
Uwagi nie widoczne w OPAC Sygnatura Lokalizacja Data inwentaryzacji Status udost. Numer inwentarzowy
retrokonwersja BG -2W.7539
retrokonwersja BG -2W.6308
retrokonwersjaZ.2262BG 1Z.2262
retrokonwersja ANS327/D 26BNS 1ANS.95848
retrokonwersja ANS327/D 26BNS 1ANS.95849